Composition des équipes - Finale de la Champions League 1992-1993 - Statistiques

Statistiques générales
  • Ce quiz a été pris 112 fois
  • Le résultat moyen est 12 sur 34
Statistiques - réponses
Club Nom % Correct
OM - Numéro 4 Basile Boli
88%
OM - Numéro 11 (Capitaine) Didier Deschamps
86%
OM - Numéro 1 Fabien Barthez
86%
AC Milan - Numéro 16 (Remplacant) Jean-Pierre Papin
84%
AC Milan - Numéro 3 Paolo Maldini
79%
OM - Numéro 3 Éric Di Meco
63%
AC Milan - Numéro 6 (Capitaine) Franco Baresi
59%
OM - Numéro 9 Rudi Völler
59%
OM - Numéro 6 Marcel Desailly
57%
AC Milan - Numéro 9 Marco van Basten
57%
OM - Numéro 10 Abedi Pelé
53%
AC Milan - Numéro 8 Frank Rijkaard
43%
OM - Numéro 5 Franck Sauzée
38%
OM - Entraîneur Raymond Goethals
37%
AC Milan - Numéro 5 Alessandro Costacurta
33%
OM - Numéro 2 Jocelyn Angloma
31%
OM - Numéro 8 Alen Bokšić
28%
OM - Numéro 16 (Remplacant) Pascal Olmeta
25%
OM - Numéro 7 Jean-Jacques Eydelie
22%
AC Milan - Numéro 1 Sebastiano Rossi
18%
OM - Numéro 13 (Remplacant) Bernard Casoni
17%
AC Milan - Numéro 4 Demetrio Albertini
17%
AC Milan - Entraîneur Fabio Capello
17%
AC Milan - Numéro 11 Daniele Massaro
15%
AC Milan - Numéro 2 Mauro Tassotti
14%
OM - Numéro 14 (Remplacant) Jean-Philippe Durand
13%
AC Milan - Numéro 10 Roberto Donadoni
13%
OM - Numéro 15 (Remplacant) Jean-Marc Ferreri
12%
OM - Numéro 12 (Remplacant) Jean-Christophe Thomas
11%
AC Milan - Numéro 7 Gianluigi Lentini
5%
AC Milan - Numéro 15 (Remplacant) Alberigo Evani
4%
AC Milan - Numéro 13 (Remplacant) Stefano Nava
4%
AC Milan - Numéro 12 (Remplacant) Carlo Cudicini
3%
AC Milan - Numéro 14 (Remplacant) Stefano Eranio
2%
Aucun quiz correspondant
Distribution des résultats
% des personnes avec chaque résultat
Percentile par nombre de réponses
Votre historique - résultats
Vous n’avez pas pris ce quiz